[Event "Open A"]
[Site "Vladimir RUS"]
[Date "2008.08.21"]
[Round "9"]
[White "Zabotin,A"]
[Black "Voitsekhovsky,S"]
[Result "1-0"]
[WhiteElo "2491"]
[BlackElo "2513"]

1.Nf3 Nf6 2.c4 g6 3.g3 Bg7 4.Bg2 O-O 5.O-O d6 6.d4 c6 7.Nc3 Qa5 8.e4 e5 9.h3 Nbd7
10.Be3 Nb6 11.Qd3 exd4 12.Bxd4 Qa6 13.b3 d5 14.exd5 cxd5 15.Nb5 Bf5 16.Qd2 Rac8
17.Qb2 Be4 18.a4 Ne8 19.Bxg7 Nxg7 20.Nc3 Qa5 21.Nxe4 dxe4 22.Nd2 f5 23.b4 Qa6
24.b5 Qa5 25.c5 Nd7 26.Nc4 Qd8 27.Nd6 Rc7 28.Rfd1 Qe7 29.Nxb7 Nxc5 30.Nxc5 Rxc5
31.a5 f4 32.Re1 Re5 33.b6 axb6 34.axb6 fxg3 35.fxg3 Qc5+ 36.Kh2 Re6 37.Ra7 Nh5
38.Qa2 Qd6 39.Rxe4  1-0

[Event "16th Nikea Open"]
[Site "Athens GRE"]
[Date "2008.08.26"]
[Round "2"]
[White "Sienczewski,Z"]
[Black "Dimopoulos,D"]
[Result "1/2-1/2"]
[WhiteElo "2113"]
[BlackElo "1901"]

1.Nf3 Nf6 2.g3 g6 3.Bg2 Bg7 4.c4 O-O 5.O-O d6 6.Nc3 e5 7.d3 c6 8.Rb1 a5 9.a3 Nbd7
10.b4 axb4 11.axb4 Qe7 12.Nd2 Nb6 13.b5 c5 14.Bb2 Be6 15.Qb3 Qd7 16.Ra1 d5
17.cxd5 Nfxd5 18.Nxd5 Nxd5 19.Nc4 f6 20.Rxa8 Rxa8 21.Ra1 Rxa1+ 22.Bxa1 Bf8
23.Qa4 Nc7 24.Bxb7 Qxb5 25.Qxb5 Nxb5 26.Kf1 Kf7 27.Bb2 Nd6 28.Ba6 Nxc4 29.Bxc4 Bxc4
30.dxc4 e4 31.f3  1/2-1/2

[Event "XXV Open"]
[Site "Collado Villalba ESP"]
[Date "2008.08.26"]
[Round "5"]
[White "De la Fuente Gonzalez,F"]
[Black "Lobato Lavin,A"]
[Result "1/2-1/2"]
[WhiteElo "2232"]
[BlackElo "2046"]

1.c4 Nf6 2.Nf3 g6 3.g3 Bg7 4.Bg2 O-O 5.O-O d6 6.Nc3 c5 7.d3 Nc6 8.a3 a6 9.Rb1 Rb8
10.b4 cxb4 11.axb4 b5 12.cxb5 axb5 13.Bd2 Bd7 14.e4 Ng4 15.h3 Nge5 16.Nxe5 Nxe5
17.Qe2 f5 18.Kh2 Nc6 19.Qd1 Nd4 20.f4 Rc8 21.Rc1 Bc6 22.Be3 Qd7 23.Rf2 Qb7
24.Ra2 Ra8 25.Rxa8 Rxa8 26.Nd5 Bxd5 27.Bxd4 Bxd4 28.exd5 Ra2 29.Rc2 Ra1 30.Rc1 Ra2
31.Rc2  1/2-1/2

[Event "XIII Konik Morski Open A"]
[Site "Rewal POL"]
[Date "2008.08.26"]
[Round "6"]
[White "Sievers,S"]
[Black "Zhigalko,A"]
[Result "0-1"]
[WhiteElo "2363"]
[BlackElo "2551"]

1.Nf3 Nf6 2.c4 g6 3.g3 Bg7 4.Bg2 O-O 5.O-O d6 6.Nc3 a6 7.d3 c6 8.Bd2 b5 9.cxb5 axb5
10.b4 Nd5 11.Nxd5 cxd5 12.d4 Ra4 13.Qb3 Bb7 14.e3 Nd7 15.Kh1 e5 16.Bc3 e4
17.Nd2 Nb6 18.Bb2 Nc4 19.Nxc4 dxc4 20.Qc2 d5 21.a3 Bc6 22.Rae1 Ra7 23.f4 exf3
24.Bxf3 Re8 25.e4 dxe4 26.d5 Bxd5 27.Qc3 Bxc3 28.Bc1  0-1

[Event "USCL 2008"]
[Site "ICC INT"]
[Date "2008.08.27"]
[Round "1"]
[White "Bayaraa,Z"]
[Black "Naroditsky,D"]
[Result "1/2-1/2"]
[WhiteElo "2179"]
[BlackElo "2313"]

1.Nf3 Nf6 2.c4 g6 3.g3 Bg7 4.Bg2 O-O 5.Nc3 d6 6.O-O e5 7.d4 Nbd7 8.e4 c6
9.d5 cxd5 10.cxd5 Nc5 11.Qe2 b6 12.b4 Ba6 13.b5 Bb7 14.Nd2 a6 15.Ba3 axb5
16.Bxc5 bxc5 17.Nxb5 Ba6 18.a4 Qd7 19.Rab1 Rfb8 20.Rb2 Ne8  1/2-1/2

[Event "XIII Konik Morski Open A"]
[Site "Rewal POL"]
[Date "2008.08.28"]
[Round "8"]
[White "Kues,H"]
[Black "Kotermanska,A"]
[Result "1-0"]
[WhiteElo "2235"]
[BlackElo "1967"]

1.Nf3 Nf6 2.c4 g6 3.g3 Bg7 4.Bg2 O-O 5.Nc3 d6 6.O-O e5 7.d3 Nc6 8.Rb1 a5
9.a3 Nh5 10.b4 axb4 11.axb4 h6 12.b5 Ne7 13.Bb2 f5 14.Qb3 Be6 15.Nd5 g5 16.b6 Bxd5
17.bxc7 Qxc7 18.cxd5 g4 19.Nxe5 Kh7 20.Nc4 Bxb2 21.Qxb2 b5 22.Ne3 Rab8 23.Qd4 Qd7
24.Rfc1 Ng6 25.Qc3 Rbc8 26.Qa5 f4 27.Nd1 f3 28.exf3 gxf3 29.Bf1 Ngf4 30.Ne3 Nh3+
31.Bxh3 Qxh3 32.Rxc8 Rxc8 33.Qxb5 Nf4 34.Qb7+ Kh8 35.Qb2+ Kh7 36.Qb7+ Kh8
37.Qf7 Ne2+ 38.Kh1 Rc1+ 39.Rxc1 Nxc1 40.Qf8+ Kh7 41.Qxf3 Nxd3 42.Qe4+  1-0

[Event "TCh-MNE Premier"]
[Site "Herceg Novi MNE"]
[Date "2008.08.31"]
[Round "7"]
[White "Tadic,Br"]
[Black "Todorovic,J"]
[Result "1/2-1/2"]
[WhiteElo "2491"]
[BlackElo "2390"]

1.Nf3 Nf6 2.c4 g6 3.g3 Bg7 4.Bg2 O-O 5.O-O d6 6.d4 Nbd7 7.Qc2 e5 8.Rd1 Qe7
9.Nc3 c6 10.b3 exd4 11.Nxd4 Re8 12.e4 Nc5 13.f3 Nfd7 14.Nce2  1/2-1/2

[Event "ch-POR"]
[Site "Almada POR"]
[Date "2008.09.01"]
[Round "6"]
[White "Galego,L"]
[Black "Vitor,A"]
[Result "1/2-1/2"]
[WhiteElo "2506"]
[BlackElo "2375"]

1.c4 g6 2.Nf3 Bg7 3.g3 Nf6 4.Bg2 O-O 5.Nc3 d6 6.O-O c5 7.d4 Nc6 8.d5 Na5
9.Nd2 e5 10.a3 b6 11.b4 Nb7 12.Bb2 Nd7 13.e3 f5 14.f4 e4 15.Rb1 Nf6 16.Nb3 Bd7
17.Qe2 Qe7 18.bxc5 Nxc5 19.Nxc5 bxc5 20.Ba1 Ng4 21.Kh1 Rfb8 22.h3 Nh6 23.Qc2 Qd8
24.Rfc1 Nf7 25.Bf1 Qa5 26.Rb3 Rb6 27.Rcb1 Rab8  1/2-1/2

[Event "TCh-SRB 1st League"]
[Site "Subotica SRB"]
[Date "2008.09.01"]
[Round "1"]
[White "Stojanovic,Mih"]
[Black "Arsovic,Z"]
[Result "1/2-1/2"]
[WhiteElo "2552"]
[BlackElo "2475"]

1.Nf3 Nf6 2.c4 g6 3.g3 Bg7 4.Bg2 O-O 5.O-O c5 6.d4 cxd4 7.Nxd4 d6 8.Nc3 Nc6
9.Nxc6 bxc6 10.Bxc6 Rb8 11.Qa4 Bh3 12.Bg2 Bxg2 13.Kxg2 Qd7 14.Rb1 Rfc8 15.Qxd7 Nxd7
16.Nd5 Kf8 17.b3 Rxc4 18.bxc4 Rxb1 19.Bg5 Rb2 20.Bxe7+ Ke8 21.Bxd6 Nb6 22.Nxb6 axb6
23.Kf3 Rxa2 24.Rb1 Rc2 25.Rxb6 Rxc4 26.Rb7 Bf6 27.e4 h5 28.e5 Bd8 29.h3 Rc3+
30.Kg2 Rc2 31.h4 Rc3 32.Kf1 Rc2 33.Kg2 Rc3 34.e6 fxe6 35.Rg7 Bf6 36.Rxg6 Kf7
37.Rh6 Rd3 38.Bf4 Rd5 39.Kf3 Bg7 40.Rh7 Kg6 41.Rxg7+  1/2-1/2

[Event "17th CRO-chT 1a"]
[Site "Sibenik CRO"]
[Date "2008.09.02"]
[Round "6"]
[White "Petrov,J"]
[Black "Kutuzovic,B"]
[Result "1-0"]
[WhiteElo "2428"]
[BlackElo "2313"]

1.Nf3 Nf6 2.c4 g6 3.g3 Bg7 4.Bg2 O-O 5.O-O d6 6.d4 c6 7.Nc3 Qa5 8.h3 Be6
9.Nd2 Qb6 10.d5 Bd7 11.e4 Rc8 12.Re1 Qd8 13.Bf1 Be8 14.Nf3 Nbd7 15.Be3 Nb6
16.Nd2 cxd5 17.exd5 Bd7 18.a4 Be8 19.a5 Nbd7 20.Ra3 Nf8 21.b4 N8d7 22.Qb3 Qc7
23.Nb5 Qb8 24.a6 b6 25.Nd4 Qc7 26.f4 Nf8 27.Bf2 Qd8 28.N2f3 Rc7 29.Ra2 Rac8
30.b5 N6d7 31.Nc6 Nc5 32.Qa3 Bxc6 33.bxc6 e6 34.Nd4 e5 35.fxe5 Bxe5 36.Rxe5 dxe5
37.Nb5 Ne4 38.Bg2 f5 39.Bxe4 fxe4 40.Nxc7 Rxc7 41.Qe3  1-0

[Event "17th CRO-chT 1a"]
[Site "Sibenik CRO"]
[Date "2008.09.03"]
[Round "7"]
[White "Dizdar,G"]
[Black "Orak,L"]
[Result "1/2-1/2"]
[WhiteElo "2551"]
[BlackElo "2315"]

1.Nf3 Nf6 2.g3 g6 3.Bg2 Bg7 4.c4 O-O 5.d4 d6 6.Nc3 Nc6 7.O-O a6 8.d5 Na5
9.Nd2 c5 10.Rb1 e5 11.dxe6 Bxe6 12.Nde4 Nxe4 13.Nxe4 Nxc4 14.b3 Qb6 15.Bg5 Na3
16.Rc1 Nb5 17.Be7 Rfe8 18.Nf6+  1/2-1/2

[Event "TCh-ESP Hon Gp2"]
[Site "Sabadell ESP"]
[Date "2008.09.04"]
[Round "2"]
[White "Shengelia,D"]
[Black "Mamedov,Nid"]
[Result "0-1"]
[WhiteElo "2569"]
[BlackElo "2564"]

1.Nf3 Nf6 2.c4 g6 3.g3 Bg7 4.Bg2 O-O 5.O-O d6 6.d4 Nc6 7.Nc3 a6 8.b3 Rb8
9.Nd5 Nd7 10.Bb2 e6 11.Nc3 Ne7 12.Rc1 b5 13.Qd3 c5 14.cxb5 axb5 15.dxc5 Nxc5
16.Qc2 Qa5 17.Nd2 Bb7 18.Bxb7 Nxb7 19.a3 Rfc8 20.b4 Qb6 21.Qb3 d5 22.a4 Nd6
23.a5 Qa7 24.Ncb1 Nc4 25.Bxg7 Kxg7 26.e3 Nc6 27.Na3 Qe7 28.Nc2 Qf6 29.Nxc4 bxc4
30.Qa3 h5 31.Rb1 h4 32.f4 hxg3 33.hxg3 Qf5 34.Qc3+ f6 35.b5 Qg4 36.e4 d4
37.Qe1 Rh8 38.Qf2 Rh3 39.Kg2 Rbh8 40.Rh1 Rxh1 41.Rxh1 Rxh1 42.Kxh1 d3 43.Na3 c3
44.Kg2 d2  0-1

[Event "SuperLiga-ROM"]
[Site "Eforie Nord ROM"]
[Date "2008.09.07"]
[Round "7"]
[White "Nanu,C"]
[Black "Kotronias,V"]
[Result "1/2-1/2"]
[WhiteElo "2514"]
[BlackElo "2574"]

1.Nf3 Nf6 2.c4 g6 3.g3 Bg7 4.Bg2 O-O 5.O-O d6 6.Nc3 e5 7.d4 Nbd7 8.e4 c6
9.b3 Qb6 10.d5 Nc5 11.Be3 cxd5 12.Nxd5 Qd8 13.Nxf6+ Qxf6 14.Qd5 Qe7 15.Rad1 Bg4
16.h3 Be6 17.Qxd6 Qxd6 18.Rxd6 Nxe4 19.Rdd1 Nc3 20.Rd2 Rad8 21.Ng5 Bf5 22.Bxb7 h6
23.Nf3 e4 24.g4 Be6 25.Nh4 Rxd2 26.Bxd2 Nxa2 27.Bxe4 Rb8 28.Bc2 Nb4 29.Bxb4 Rxb4
30.Re1 Rb6 31.Ng2 Ra6 32.Nf4 g5 33.Nxe6 fxe6 34.Rd1 Ra1 35.Bb1 Ra3 36.c5 Rxb3
37.Ba2 Rc3 38.Bxe6+ Kf8 39.Rd7 Be5 40.Rxa7 Rxc5 41.Rf7+ Ke8 42.Rh7 Bd4 43.Bf5 Ra5
44.Kg2 Ra2 45.Kf3 Bxf2 46.Rxh6 Bh4 47.Ke4 Re2+ 48.Kd5 Kf7 49.Ra6 Bg3 50.Bg6+ Ke7
51.Bd3 Re1 52.Ra7+ Kf6 53.Ra6+ Ke7  1/2-1/2

[Event "I Liga Seniorow"]
[Site "Ustron POL"]
[Date "2008.09.08"]
[Round "3"]
[White "Orzech,D"]
[Black "Orzechowski,J"]
[Result "1-0"]
[WhiteElo "2472"]
[BlackElo "2227"]

1.Nf3 Nf6 2.c4 g6 3.g3 Bg7 4.Bg2 O-O 5.O-O d6 6.Nc3 c6 7.d4 Qa5 8.e4 Qh5
9.e5 dxe5 10.Nxe5 Qxd1 11.Rxd1 Nbd7 12.Nf3 Re8 13.Bf4 Nh5 14.Be3 Nhf6 15.h3 a6
16.Rac1 h6 17.Nd2 Rd8 18.Nb3 g5 19.Na5 Bf8 20.d5 cxd5 21.Nxd5 Nxd5 22.Rxd5 Re8
23.Rcd1 Nf6 24.Rd8 Kg7 25.c5 e5 26.Rxe8 Nxe8 27.Nxb7 Be6 28.Nd8 Rb8 29.Nxe6+ fxe6
30.Rd7+ Kf6 31.Bb7 Be7 32.c6  1-0

[Event "Liga Nacional Ajedrez"]
[Site "Villa Martelli ARG"]
[Date "2008.09.13"]
[Round "6"]
[White "Lujan,C"]
[Black "Paveto,K"]
[Result "1-0"]
[WhiteElo "2361"]
[BlackElo "2010"]

1.Nf3 Nf6 2.g3 g6 3.Bg2 Bg7 4.c4 O-O 5.O-O d5 6.cxd5 Nxd5 7.d4 Nc6 8.e4 Nb6
9.d5 Ne5 10.Nxe5 Bxe5 11.f4 Bg7 12.e5 e6 13.dxe6 Bxe6 14.Nc3 Qe7 15.Ne4 Bc4
16.Re1 Rfd8 17.Qc2 Bd3 18.Qc5 Bf8 19.Qf2 Bxe4 20.Bxe4 Qc5 21.f5 Qxf2+ 22.Kxf2 Nc4
23.Bg5 Re8 24.e6 fxe6 25.fxg6 Bc5+ 26.Kg2 Nd6 27.gxh7+ Kg7 28.Rac1 Nxe4 29.Rxe4 Bd6
30.Rce1 e5 31.Bf4 Kxh7 32.Bxe5 Rad8 33.Bxd6 Rxe4 34.Rxe4 Rxd6 35.Kf3 Rd2
36.Re2 Rd4 37.Re7+ Kg6 38.Rxc7 Rd2 39.Rxb7 Rxh2 40.a4 Kf5 41.b4 a6 42.g4+ Ke5
43.Re7+ Kf6 44.Ra7 Ke5 45.Rxa6 Rh3+ 46.Ke2 Ke4 47.Re6+ Kd5 48.Re3 Rh2+ 49.Kd3 Ra2
50.a5 Ra4 51.Kc3 Ra3+ 52.Kd2 Ra2+ 53.Kc1 Ra4 54.Rb3 Kc4 55.Kb2  1-0

[Event "I Liga Seniorow"]
[Site "Ustron POL"]
[Date "2008.09.14"]
[Round "9"]
[White "Markowski,T"]
[Black "Antoniewski,R"]
[Result "1/2-1/2"]
[WhiteElo "2606"]
[BlackElo "2503"]

1.Nf3 Nf6 2.g3 g6 3.Bg2 Bg7 4.c4 O-O 5.O-O Nc6 6.d4 d6 7.Nc3 Bf5 8.b3 e5
9.d5 Ne7 10.h3 Ne4 11.Bb2 h6 12.Nd2 Ng5 13.h4 Nh7 14.e4 Bd7 15.h5 Nf6 16.hxg6 fxg6
17.Qe2 a5 18.Nd1 h5 19.Nf3 Nh7 20.c5 g5 21.Ba3 dxc5 22.Bxc5 Rf7 23.Ne3 Ng6
24.Nd2 g4 25.Nf5 Bxf5 26.exf5 Rxf5 27.Ne4 Bf8 28.Rac1 Rf7 29.Rfd1 Bd6 30.Qb5 Rb8
31.Ba7 Ra8 32.Qxb7 h4 33.Bc5 Qf8 34.Qc6 Rd8 35.Qa6 hxg3 36.fxg3 Nf4 37.gxf4 exf4
38.Bxd6 cxd6 39.Rc6 Rfd7 40.Qb6 f3 41.Bf1 Qf4 42.Rc4 Re8 43.Re1 Rxe4 44.Rexe4 Qg3+
45.Kh1 Qh4+  1/2-1/2

[Event "4th ch-EU"]
[Site "Liverpool ENG"]
[Date "2008.09.16"]
[Round "8"]
[White "McNab,C"]
[Black "Hebden,M"]
[Result "0-1"]
[WhiteElo "2450"]
[BlackElo "2520"]

1.c4 g6 2.g3 Bg7 3.Bg2 Nf6 4.Nf3 O-O 5.d4 d6 6.O-O Nc6 7.Nc3 Rb8 8.b3 e5
9.dxe5 dxe5 10.Ba3 Re8 11.Qxd8 Rxd8 12.Rad1 Bg4 13.h3 Bxf3 14.Bxf3 Nd4 15.Kg2 Bf8
16.Bxf8 Kxf8 17.e3 Ne6 18.Rxd8+ Nxd8 19.b4 c6 20.Rd1 Ke7 21.a4 a5 22.b5 Rc8
23.Bg4 Ra8 24.f4 e4 25.Be2 Ne6 26.g4 Nc5 27.g5 Ne8 28.h4 Nd6 29.Kf2 h5 30.gxh6 Rh8
31.bxc6 bxc6 32.Rg1 Rxh6 33.Rg5 f5 34.h5 gxh5 35.Rxh5 Nd3+ 36.Kf1 Rxh5 37.Bxh5 Nxc4
38.Ke2 Nb4 39.Bg6 Kf6 40.Be8 Ke6 41.Nd1 Nd6 42.Bg6 Nd5 43.Kd2 Nc4+ 44.Ke2 Ncb6
45.Be8 Kd6 46.Nb2 Kc5 47.Kd2 Ne7 48.Bh5 Kb4 49.Bd1 c5  0-1

[Event "4th ch-EU"]
[Site "Liverpool ENG"]
[Date "2008.09.17"]
[Round "9"]
[White "James,Dav"]
[Black "Benson,O"]
[Result "0-1"]
[WhiteElo "2177"]
[BlackElo "1852"]

1.Nf3 Nf6 2.c4 g6 3.g3 Bg7 4.Bg2 O-O 5.d4 d6 6.O-O Nbd7 7.Nc3 e5 8.e4 exd4
9.Nxd4 a6 10.h3 Re8 11.Re1 Rb8 12.Be3 Ne5 13.b3 c5 14.Nde2 b5 15.cxb5 axb5
16.f4 Ned7 17.Qd3 b4 18.Na4 Nxe4 19.Rad1 Qe7 20.Bc1 Ndf6 21.g4 Bb7 22.Ng3 d5
23.Bb2 Qd8 24.g5 Nh5 25.Bxg7 Nhxg3 26.Bb2 Qa5 27.Rc1 c4 28.bxc4 Qxa4 29.cxd5 Qxa2
30.Qd4 Nc3 31.Rxe8+ Rxe8 32.Qxb4 Qa7+ 33.Kh2 Nce2 34.Re1 Qf2 35.Qc3 Nxc3
36.Rxe8+ Kg7 37.Bxc3+ f6 38.Bxf6+ Kf7 39.Re7+ Kf8 40.Rxb7 Ne2 41.Rb1 Qg3+
42.Kh1 Nxf4 43.Rb8+ Kf7 44.Rb7+ Ke8 45.Rb8+ Kd7 46.Rd8+ Kc7 47.d6+ Kb6 48.Rb8+ Kc5
49.Rb2 Qe1+ 50.Kh2 Kxd6 51.Rb6+ Kc7 52.Rb7+ Kc8 53.Rb2 Kc7 54.Rb7+ Kd6 55.Rb2 Ne2
56.h4 Qxh4+ 57.Bh3 Qg3+  0-1

[Event "IX GM"]
[Site "Banja Luka BIH"]
[Date "2008.09.30"]
[Round "2"]
[White "Jakovljevic,Vlado"]
[Black "Ilincic,Z"]
[Result "0-1"]
[WhiteElo "2442"]
[BlackElo "2519"]

1.Nf3 Nf6 2.c4 g6 3.g3 Bg7 4.Bg2 O-O 5.O-O d6 6.d4 c6 7.Nc3 a6 8.h3 b5 9.c5 dxc5
10.dxc5 Nfd7 11.Be3 a5 12.Rc1 Qc7 13.Nd4 Ra6 14.a4 b4 15.Ne4 h6 16.Qc2 e5
17.Nb3 f5 18.Nd6 Nf6 19.Qc4+ Kh7 20.Nxc8 Qxc8 21.Rcd1 Nd5 22.Bc1 e4 23.f3 exf3
24.Bxf3 Nd7 25.Bxd5 cxd5 26.Qxd5 Nf6 27.Qf3 Re8 28.Bf4 Ne4 29.Rd5 Bxb2 30.Rfd1 Ra7
31.R1d3 Bg7 32.Be3 Qc6 33.Rd6 Qxa4 34.Rb6 Qa2 35.g4 Rf7 36.gxf5 Rxf5 37.Qg2 Qb1+
38.Nc1 Ng5 39.Qg3  0-1

[Event "Tatry Open"]
[Site "Tatranske Zruby SVK"]
[Date "2008.10.02"]
[Round "7"]
[White "Vul,A"]
[Black "Parak,D"]
[Result "1-0"]
[WhiteElo "2332"]
[BlackElo "2133"]

1.Nf3 Nf6 2.c4 g6 3.g3 Bg7 4.Bg2 O-O 5.d4 d6 6.O-O c6 7.Nc3 Qc7 8.e4 e5 9.h3 Re8
10.Be3 Nbd7 11.Qc2 Nf8 12.Rfd1 Nh5 13.c5 exd4 14.cxd6 Qxd6 15.Bxd4 Bxd4 16.Nxd4 Qe5
17.f4 Qc5 18.Qf2 Ne6 19.Nxe6 Qxf2+ 20.Kxf2 Bxe6 21.Bf3 Ng7 22.e5 h5 23.g4 hxg4
24.hxg4 Kf8 25.Ne4 Bd5 26.Nf6 Bxf3 27.Kxf3 Red8 28.Ke4 Ne6 29.f5 gxf5+ 30.gxf5 Nc5+
31.Ke3 Ke7 32.b4 Nd7 33.Nxd7 Rxd7 34.f6+ Ke6 35.Rxd7 Kxd7 36.Rd1+ Ke8 37.Ke4 a5
38.Rh1 Kd7 39.Kf5 axb4 40.Rh7 Rxa2 41.Rxf7+ Kc8 42.Rg7 Rf2+ 43.Ke6 b3 44.f7 b2
45.Rg1 c5 46.Rb1  1-0

[Event "Chigorin Memorial"]
[Site "St Petersburg RUS"]
[Date "2008.10.04"]
[Round "1"]
[White "Orlov,O2"]
[Black "Fedoseev,S"]
[Result "1/2-1/2"]
[WhiteElo "2333"]
[BlackElo "2193"]

1.Nf3 Nf6 2.c4 g6 3.g3 Bg7 4.Bg2 O-O 5.O-O c6 6.d4 d5 7.b3 Be6 8.Nbd2 a5
9.Bb2 a4 10.Ng5 Bf5 11.f3 a3 12.Bc3 c5 13.e4 cxd4 14.Bxd4 dxe4 15.Ndxe4 Nc6
16.Be3 Nxe4 17.fxe4 Qxd1 18.Raxd1 Bg4 19.Rd2 Bc3 20.Rdf2 f6 21.h3 Bd7 22.Nf3 Be6
23.Bd2 Bb2 24.Bc1 Bxc1  1/2-1/2

[Event "1st WMSG Rapid Ind w"]
[Site "Beijing CHN"]
[Date "2008.10.06"]
[Round "5"]
[White "Harika,D"]
[Black "Borosova,Z"]
[Result "1-0"]
[WhiteElo "2461"]
[BlackElo "2234"]

1.Nf3 Nf6 2.c4 g6 3.g3 Bg7 4.Bg2 O-O 5.O-O d6 6.d4 Nc6 7.Nc3 a6 8.Qd3 e5
9.dxe5 dxe5 10.Qxd8 Rxd8 11.Bg5 Be6 12.Nd2 h6 13.Bxf6 Rxd2 14.Bxg7 Kxg7 15.Bxc6 bxc6
16.b3 Rad8 17.Rfd1 f5 18.Kf1 Kf6 19.Rxd2 Rxd2 20.Ke1 Rd6 21.Rd1 g5 22.f3 h5
23.e3 Rxd1+ 24.Kxd1 f4 25.Ke2 fxg3 26.Ne4+ Kg6 27.Nxg3 g4 28.Ne4 Bc8 29.Kf2 Kf5
30.Nc5 h4 31.b4 Kg5 32.a4 Kf5 33.a5 Kg5 34.fxg4 Kxg4 35.Kg2 Kg5 36.Kf3 Kf5
37.e4+ Kg5 38.b5 cxb5 39.cxb5 axb5 40.a6 Bxa6 41.Nxa6 c6 42.h3 Kf6 43.Kg4 Ke6
44.Kxh4 Kd6 45.Kg3 c5 46.Kf3 b4 47.Ke3 b3 48.Kd3 Kc6 49.Kc3 c4 50.h4 Kb5
51.Nc7+ Ka4 52.Kb2 c3+ 53.Kxc3 Ka3 54.Nb5+ Ka2 55.Kc4 b2 56.Nc3+ Ka1 57.h5  1-0

[Event "Chigorin Memorial"]
[Site "St Petersburg RUS"]
[Date "2008.10.06"]
[Round "4"]
[White "Loginov,Va"]
[Black "Khakimov,T"]
[Result "1/2-1/2"]
[WhiteElo "2481"]
[BlackElo "2310"]

1.Nf3 Nf6 2.g3 g6 3.c4 Bg7 4.Bg2 O-O 5.d4 d5 6.cxd5 Nxd5 7.O-O c5 8.Nc3 Nxc3
9.bxc3 Nc6 10.Be3 cxd4 11.Nxd4 Bd7 12.Rc1 Rc8 13.Nxc6 Bxc6 14.Qxd8 Rfxd8
15.Bxa7 Bxg2 16.Kxg2 Rd2 17.Rb1 Rxa2 18.Rxb7 Rxe2  1/2-1/2

[Event "Belgrade Premier League"]
[Site "Belgrade SRB"]
[Date "2008.10.07"]
[Round "3"]
[White "Svetac,N"]
[Black "Krnic,Z"]
[Result "0-1"]
[WhiteElo "2328"]
[BlackElo "2381"]

1.Nf3 Nf6 2.c4 g6 3.g3 Bg7 4.Bg2 O-O 5.O-O d6 6.d4 c6 7.Nc3 Qa5 8.h3 e5 9.e4 exd4
10.Nxd4 Qc5 11.Nb3 Qxc4 12.Qxd6 Na6 13.Re1 Qb4 14.Bf4 Ne8 15.Qd2 Be6 16.e5 Bxb3
17.axb3 Nc5 18.Ra3 Nc7 19.Bg5 Rfe8 20.Bf6 Nxb3 21.Qd1 Nc5 22.Bxg7 Kxg7 23.Qc2 Nb5
24.Raa1 Nd4 25.Qb1 Ndb3 26.Ra2 Qd4 27.Qd1 Qxd1 28.Nxd1 a5 29.f4 Nd3 30.Re3 Nb4
31.Ra3 Nd4 32.Re4 Ndc2 33.Rb3 Rad8 34.Ne3 Nxe3 35.Rbxe3 Rd2 36.Re2 Red8 37.g4 Rxe2
38.Rxe2 Nd3 39.f5 Re8 40.f6+ Kf8 41.Rd2 Nxe5 42.g5 a4 43.Rd4 Ra8 44.Rh4 Ke8
45.Rxh7 Kd7 46.h4 Ke6 47.Bh3+ Kd6 48.Bg2 b5 49.Be4 b4 50.Bb1 a3 51.bxa3 bxa3
52.Ba2 Rb8 53.h5 Rb2 54.hxg6 fxg6 55.f7 Ke7 56.Rh3 Rxa2 57.Re3 Kxf7 58.Rxe5 Rb2  0-1

[Event "Chigorin Memorial"]
[Site "St Petersburg RUS"]
[Date "2008.10.08"]
[Round "6"]
[White "Demina,J"]
[Black "Korchagina,V"]
[Result "1-0"]
[WhiteElo "2357"]
[BlackElo "2176"]

1.Nf3 Nf6 2.c4 g6 3.g3 Bg7 4.Bg2 O-O 5.O-O d6 6.d4 Nbd7 7.Qc2 e5 8.Rd1 exd4
9.Nxd4 Qe7 10.Nc3 Nb6 11.Nd5 Nfxd5 12.cxd5 Bg4 13.h3 Bxd4 14.Rxd4 Qxe2 15.Qc3 Bf5
16.Bh6 Qe5 17.Re1 Qf6 18.Bxf8 Rxf8 19.Rc4 Qxc3 20.Rxc3 Rc8 21.Rec1 Na8 22.Rb3 Nb6
23.Rbc3 Na8 24.b4 Kf8 25.b5 Bd7 26.Bf1 a6 27.bxa6 bxa6 28.Bxa6 Rb8 29.Rb3 Re8
30.Bb5 Bxb5 31.Rxb5 Rc8 32.a4 Ke7 33.a5 Kd7 34.Rb7 h5 35.Rc6  1-0

[Event "1st WMSG Rapid Pair"]
[Site "Beijing CHN"]
[Date "2008.10.09"]
[Round "1"]
[White "Harika,D"]
[Black "Borosova,Z"]
[Result "1-0"]
[WhiteElo "2461"]
[BlackElo "2234"]

1.Nf3 Nf6 2.c4 g6 3.g3 Bg7 4.Bg2 O-O 5.O-O d6 6.d4 Nc6 7.Nc3 a6 8.Qd3 e5
9.dxe5 dxe5 10.Qxd8 Rxd8 11.Bg5 Be6 12.Nd2 h6 13.Bxf6 Bxf6 14.Nde4 Be7 15.Nd5 Bxd5
16.cxd5 Nd4 17.e3 Nb5 18.Rac1 f5 19.Nd2 e4 20.a4 Rxd5 21.Nxe4 fxe4 22.axb5 Bd6
23.bxa6 Rxa6 24.Bxe4 Rd2 25.Bxb7 Rb6 26.Be4 Kg7 27.Rfd1 Rxd1+ 28.Rxd1 Rxb2
29.h4 Kf6 30.Kg2 Rb6 31.Rd5 c5 32.h5 g5 33.Rf5+ Ke6 34.g4 Be5 35.Rf8 c4 36.Rc8 c3
37.Kf3 Rd6 38.Bf5+ Ke7 39.Rc7+ Kf8 40.Rc5 Bf6 41.Rc8+ Ke7 42.Rc7+ Kf8 43.Bg6 Rb6
44.Ke4 Rd6 45.Kf5 Kg8 46.e4 Bd4 47.e5 Rd8 48.e6 Rf8+ 49.Bf7+ Kh8 50.Kg6 Bb6
51.Rxc3 Bd8 52.Rd3 Be7 53.Rd7  1-0

[Event "1st WMSG Rapid Pair"]
[Site "Beijing CHN"]
[Date "2008.10.10"]
[Round "5"]
[White "Rasmussen,Kar"]
[Black "Paragua,M"]
[Result "0-1"]
[WhiteElo "2466"]
[BlackElo "2526"]

1.Nf3 Nf6 2.c4 g6 3.g3 Bg7 4.Bg2 O-O 5.O-O d6 6.d4 Nbd7 7.Nc3 e5 8.e4 exd4
9.Nxd4 Re8 10.h3 a6 11.Be3 Rb8 12.b3 Nc5 13.Qc2 Bd7 14.Rad1 Qc8 15.b4 Ne6
16.Nde2 Nd8 17.Kh2 Nc6 18.a3 Ne5 19.Nd5 Nxd5 20.cxd5 Bb5 21.Bd4 c6 22.a4 Bxe2
23.Qxe2 cxd5 24.f4 Nc4 25.Bxg7 Kxg7 26.Rxd5 b5 27.f5 f6 28.fxg6 hxg6 29.Qf2 Rf8
30.axb5 axb5 31.Ra1 Rf7 32.h4 Ne5 33.Bh3 Qc4 34.Be6 Qxe4 35.Rxe5 Qxe5 36.Re1 Qxe1
37.Qxe1 Re8 38.Qe2 Rfe7 39.Qxb5 Rxe6 40.Qd5 f5 41.h5 Re2+ 42.Kh3 Rh8 43.Qd4+ Re5
44.Qxd6 Rxh5+ 45.Kg2 Re2+ 46.Kf3 Rhh2 47.Qd4+ Kh7 48.b5 g5 49.b6 Kg6 50.g4 fxg4+
51.Qxg4 Rhf2+ 52.Kg3 Rg2+  0-1

[Event "1st WMSG Blitz Team"]
[Site "Beijing CHN"]
[Date "2008.10.13"]
[Round "3"]
[White "Danielsen,Hen"]
[Black "Irie,Y"]
[Result "1-0"]
[WhiteElo "2492"]
[BlackElo "2021"]

1.Nf3 Nf6 2.g3 g6 3.Bg2 Bg7 4.c4 O-O 5.Nc3 d6 6.O-O c5 7.d4 Nc6 8.d5 Na5
9.Nd2 Rb8 10.Qc2 a6 11.b3 Bd7 12.Rb1 b5 13.Bb2 bxc4 14.bxc4 Ng4 15.Ba1 Ne5
16.Rxb8 Qxb8 17.Rb1 Qa7 18.Nd1 Rb8 19.f4 Rxb1 20.Nxb1 Ng4 21.Bxg7 Kxg7 22.Qc3+ f6
23.Qxa5 Qb7 24.Nd2 e6 25.h3 Nh6 26.dxe6 Bc6 27.Bxc6 Qxc6 28.e4 f5 29.Qc3+ Kf8
30.Qf6+ Kg8 31.Qd8+ Kg7 32.e7  1-0

[Event "South Bohemia Open"]
[Site "Cesky Krumlov CZE"]
[Date "2008.10.13"]
[Round "4"]
[White "Jiruse,J"]
[Black "Jacobsen,H"]
[Result "1-0"]
[WhiteElo "2107"]
[BlackElo "1856"]

1.c4 Nf6 2.Nf3 g6 3.g3 Bg7 4.Bg2 O-O 5.O-O d6 6.Nc3 a6 7.Rb1 Nc6 8.b4 e5
9.d3 Rb8 10.a4 a5 11.b5 Ne7 12.Ba3 b6 13.d4 exd4 14.Nxd4 Bb7 15.e4 Ng4 16.Nce2 Bc8
17.Qb3 Kh8 18.f3 Nh6 19.Rbd1 Qe8 20.Nf4 Bd7 21.Rfe1 Neg8 22.Nd5 Rc8 23.f4 Ne7
24.e5 Nxd5 25.cxd5 Qd8 26.e6 fxe6 27.dxe6 Re8 28.Nf3  1-0

[Event "1st WMSG Rapid Team w"]
[Site "Beijing CHN"]
[Date "2008.10.15"]
[Round "4"]
[White "Harika,D"]
[Black "Tsiganova,M"]
[Result "0-1"]
[WhiteElo "2461"]
[BlackElo "2208"]

1.Nf3 Nf6 2.c4 g6 3.g3 Bg7 4.Bg2 O-O 5.O-O d6 6.d4 c6 7.b3 Nbd7 8.Bb2 Ne4
9.Qc2 f5 10.Nbd2 Ndf6 11.Rad1 Qe8 12.Nxe4 fxe4 13.Nd2 d5 14.f3 exf3 15.exf3 Bf5
16.Qc3 Rd8 17.Qe3 Qf7 18.Rfe1 Rfe8 19.c5 e5 20.dxe5 d4 21.Qf2 Nd7 22.Nc4 Nxc5
23.Bf1 Bf8 24.Nd6 Bxd6 25.exd6 Rxd6 26.Rxe8+ Qxe8 27.Rxd4 Qd7 28.Bc4+ Be6
29.Rxd6 Qxd6 30.Qd4 Qxd4+ 31.Bxd4 Bxc4 32.Bxc5 Bd5 33.Bxa7 Bxf3 34.Kf2 Bd5
35.Ke3 Kf7 36.Kd4 b5 37.Kc5 Ke6 38.Bb8 Kf5 39.a4 Bxb3 40.a5 Be6 41.Kxc6 b4
42.Bd6 b3 43.Ba3 Ke4 44.a6 Bd5+ 45.Kd6 Ba8 46.a7 Kf3 47.Ke5  0-1

[Event "TCh-CHN Torch Real Estate Cup"]
[Site "Jiangsu Wuxi CHN"]
[Date "2008.10.21"]
[Round "9"]
[White "Zhao Jun"]
[Black "Peng Xiaomin"]
[Result "1/2-1/2"]
[WhiteElo "2566"]
[BlackElo "2590"]

1.Nf3 Nf6 2.c4 g6 3.g3 Bg7 4.Bg2 O-O 5.O-O c6 6.d4 Qa5 7.b3 d6 8.Bb2 Qh5
9.Nbd2 Bh3 10.e4 Nbd7 11.Bxh3 Qxh3 12.Ng5 Qh5 13.f4 c5 14.d5 Qxd1 15.Rfxd1 Rfb8
16.e5 dxe5 17.fxe5 Ng4 18.Nxf7 Ngxe5 19.Nxe5 Nxe5 20.Re1 Nd3 21.Bxg7 Nxe1
22.Rxe1 Kxg7 23.Rxe7+ Kf6 24.d6 b6 25.Ne4+ Kf5 26.Kg2 h6 27.d7 Rd8 28.Kf3 g5
29.Nd6+ Kf6 30.Re8 a5 31.a4 Kg6 32.Re6+ Kg7 33.Re7+ Kf6 34.Re8  1/2-1/2

[Event "TCh-CHN Torch Real Estate Cup"]
[Site "Jiangsu Wuxi CHN"]
[Date "2008.10.22"]
[Round "10"]
[White "Lin Chen"]
[Black "Ding Liren"]
[Result "1/2-1/2"]
[WhiteElo "2406"]
[BlackElo "2395"]

1.Nf3 Nf6 2.c4 g6 3.g3 Bg7 4.Bg2 O-O 5.O-O d6 6.Nc3 e5 7.d4 Nc6 8.d5 Ne7
9.e4 Ne8 10.Ne1 f5 11.Nd3 Nf6 12.Bd2 fxe4 13.Nxe4 Bf5 14.Re1 Kh8 15.Bc3 Nxe4
16.Bxe4 c6 17.dxc6 bxc6 18.c5 Bxe4 19.Rxe4 d5 20.Rxe5 Nf5 21.Re2 Bxc3 22.bxc3 d4
23.c4 Qg5 24.Re4 Rae8 25.Qe2 Rxe4 26.Qxe4 Qd2 27.Re1 Qxa2 28.Qe5+ Kg8 29.Qe6+ Kh8
30.Qe5+ Kg8 31.Nf4 Qxc4 32.Ne6 Re8 33.g4 d3 34.gxf5 Qg4+ 35.Kh1 Qf3+ 36.Kg1  1/2-1/2